Az Alföldi Tudományos Intézet felhívása [rövid hír]

Elmentve itt :
Bibliográfiai részletek
Dokumentumtípus: Cikk
Megjelent: 1945-11-24
Sorozat:Délmagyarország
Kulcsszavak:Alföldi Tudományos Intézet
Online Access:http://univ.bibl.u-szeged.hu/35592
LEADER 00469nab a2200157 i 4500
001 univ35592
005 20171214105234.0
008 171214s1945 hu o 0|| zxx d
040 |a SZTE UnivHistória Repozitórium  |b hun 
041 |a zxx 
245 0 3 |a Az Alföldi Tudományos Intézet felhívása [rövid hír]  |h [elektronikus dokumentum] 
260 |c 1945-11-24 
300 |a 3 
490 0 |a Délmagyarország 
561 |a Egyetemi hirarchívum 
695 |a Alföldi Tudományos Intézet